The Royal Abbey of Saint-Denis : (Record no. 26375)

000 -LEADER
fixed length control field 01340cam a2200325 a 4500
001 - CONTROL NUMBER
control field 1443545
005 - DATE AND TIME OF LATEST TRANSACTION
control field 20170204095956.0
008 - FIXED-LENGTH DATA ELEMENTS--GENERAL INFORMATION
fixed length control field 851021s1987 ctuaf b 001 0 eng
010 ## - LIBRARY OF CONGRESS CONTROL NUMBER
LC control number 85026464
020 ## - INTERNATIONAL STANDARD BOOK NUMBER
International Standard Book Number 0300031432 (alk. paper)
043 ## - GEOGRAPHIC AREA CODE
Geographic area code e-fr---
050 00 - LIBRARY OF CONGRESS CALL NUMBER
Classification number NA5551 .S214C76 1987
100 1# - MAIN ENTRY--PERSONAL NAME
Personal name Crosby, Sumner McK.
Fuller form of name (Sumner McKnight),
Dates associated with a name 1909-1982.
245 14 - TITLE STATEMENT
Title The Royal Abbey of Saint-Denis :
Remainder of title from its beginnings to the death of Suger, 475-1151 /
Statement of responsibility, etc. Sumner McKnight Crosby ; edited and completed by Pamela Z. Blum.
260 ## - PUBLICATION, DISTRIBUTION, ETC. (IMPRINT)
Place of publication, distribution, etc. New Haven :
Name of publisher, distributor, etc. Yale University Press,
Date of publication, distribution, etc. c1987.
300 ## - PHYSICAL DESCRIPTION
Extent xxiii, 525 p., 3 folded leaves of plates :
Other physical details ill. ;
Dimensions 29 cm.
440 #0 - SERIES STATEMENT/ADDED ENTRY--TITLE
Title Yale publications in the history of art ;
Volume/sequential designation 37
500 ## - GENERAL NOTE
General note Includes index.
504 ## - BIBLIOGRAPHY, ETC. NOTE
Bibliography, etc Bibliography: p. 503-515.
600 00 - SUBJECT ADDED ENTRY--PERSONAL NAME
Personal name Suger,
Titles and other words associated with a name Abbot of Saint Denis,
Dates associated with a name 1081-1151.
610 20 - SUBJECT ADDED ENTRY--CORPORATE NAME
Corporate name or jurisdiction name as entry element Abbaye de Saint-Denis (Saint-Denis, France)
610 20 - SUBJECT ADDED ENTRY--CORPORATE NAME
Corporate name or jurisdiction name as entry element Eglise abbatiale de Saint-Denis (Saint-Denis, France)
651 #0 - SUBJECT ADDED ENTRY--GEOGRAPHIC NAME
Geographic name Saint-Denis (France)
General subdivision Buildings, structures, etc.
700 1# - ADDED ENTRY--PERSONAL NAME
Personal name Blum, Pamela Z.
942 ## - ADDED ENTRY ELEMENTS (KOHA)
Source of classification or shelving scheme
Koha item type Hard Covered Materials
Holdings
Withdrawn status Lost status Source of classification or shelving scheme Damaged status Not for loan Home library Current library Shelving location Date acquired Source of acquisition Total Checkouts Full call number Barcode Date last seen Price effective from Koha item type
          MACHAKOS UNIVERSITY LIBRARY MACHAKOS UNIVERSITY LIBRARY Technical section 04/02/2017 Donation(BFA)   NA5551 .S214C76 1987 34029 13/07/2018 04/02/2017 Hard Covered Materials
© Machakos University Library, Along The Highway, Machakos Wote Rd, Machakos, Kenya P.O. Box 136 - 90100 Machakos - Kenya

Tel: ( +254 ) 723 805829 OR Fax : 044-20353 OR Email: library@mksu.ac.ke